Najdłuższe jednowyrazowe nazwy państw. - Statystyki

Ogólne statystyki
  • Ten quiz został rozwiązany 74 razy
  • Średni wynik to 17 z 29
Statystyki odpowiedzi
Liczba liter Państwo % Poprawnych
11 Tadżykistan
90%
10 Kazachstan
89%
12 Turkmenistan
89%
10 Uzbekistan
89%
9 Australia
78%
10 Afganistan
75%
9 Kirgistan
75%
9 Hiszpania
73%
10 Portugalia
73%
9 Argentyna
68%
9 Indonezja
68%
9 Wenezuela
65%
10 Madagaskar
59%
11 Azerbejdżan
57%
9 Gwatemala
57%
10 Szwajcaria
57%
10 Bangladesz
51%
9 Finlandia
51%
10 Dominikana
49%
9 Nikaragua
48%
10 Mauretania
46%
10 Czarnogóra
44%
9 Kostaryka
44%
9 Tajlandia
44%
13 Liechtenstein
43%
10 Luksemburg
38%
10 Mikronezja
35%
9 Chorwacja
33%
9 Mauritius
30%
Nie znaleziono quizów pasujących do podanych kryteriów
Rozkład punktacji
Procent ludzi z każdym wynikiem
Percentyl według liczby udzielonych odpowiedzi
Twoja historia wyników
Nie rozwiązałeś tego quizu